000
00471nam a2200157Ia 4500
008
100122s9999 xx 000 0 und d
082
_b
75331
_a
910.4
100
_a
लिमये सुहास
245
_a
नर्मदे हर हर नर्मदे
250
_a
2
260
_c
2006
300
_a
253
630
_a
नर्मदे हर हर नर्मदे
730
_a
नर्मदे हर हर नर्मदे
942
_c
BOOK
999
_c
391488
_d
391485